000
00331nam a2200133Ia 4500
008
240624s9999 xx 000 0 und d
041
_a
eng
082
_a
152.4 MOL
100
_a
MOLDOVEANU MIHNEA
245
_a
MASTER PASSIONS EMOTION NARRATIVE AND TH
260
_c
2002
_a
London
_b
MIT Press
300
_a
269 : p.
365
_c
_b
26
999
_c
23924
_d
23924